000 00761nam a2200229 u 4500
005 20240925064707.0
008 100211s2007 r 000 0 eng d
020 _a9789870006756
035 _aUPN01000174626
049 _aCG
050 4 _aBF175.4 F4.5
_bT4.2
245 0 3 _aEl techo de cristal :
_bperspectivas psicoanalĂ­ticas sobre las mujeres y el poder /
_cDorothy Holmes ... [et al.] ; comp. Mariam Alizade.
260 _aBuenos Aires :
_blumen,
_c2007.
300 _a220 p.
650 0 _aPsicoanálisis y feminismo
_915567
650 4 _aMujeres
_xCondiciones sociales
_91584
650 4 _aPoder (Ciencias sociales)
_91203
650 4 _aRol sexual
_95307
700 1 _aHolmes, Dorothy,
_ecoaut.
700 1 _aMariam Alizade,
_ecomp.
905 _aLibro
999 _c146730
_d146730